<?xml version="1.0" encoding="UTF-8"?>
<marc:record xmlns:marc="http://www.loc.gov/MARC21/slim">
   <marc:leader>00000nam a2200000 a 4500</marc:leader>
   <marc:datafield ind1="0" ind2="0" tag="245">
      <marc:subfield code="a">Mind the future</marc:subfield>
   </marc:datafield>
   <marc:datafield ind1="0" ind2="0" tag="245">
      <marc:subfield code="c">WIRE, Web for Interdirscinplinary Research &amp; Expertise ... Stephan Sigrist. [Textliche Red.: Simone Achermann</marc:subfield>
   </marc:datafield>
   <marc:datafield ind1=" " ind2="1" tag="264">
      <marc:subfield code="a">Zürich</marc:subfield>
      <marc:subfield code="b">Verl. Neue Zürcher Zeitung</marc:subfield>
      <marc:subfield code="c">2008</marc:subfield>
   </marc:datafield>
   <marc:datafield ind1="1" ind2=" " tag="520">
      <marc:subfield code="a">Angaben aus der Verlagsmeldung

Mind the Future : Kompendium für Gegenwartstrends / von Stephan Sigrist, Burkhard Varnholt, Gerd Folkers

Mit der zunehmenden Verfügbarkeit von Informationen
und der globalen Vernetzung von Menschen
und Unternehmen wächst die Komplexität.
Das Treffen von Entscheidungen und Prognosen
in Finanzmärkten oder bei der Entwicklung neuer
Technologien wird immer schwieriger. Als Folge
nehmen das Bedürfnis nach Transparenz und
die Notwendigkeit zur Bestimmung der wichtigsten
Triebkräfte der Veränderung zu. Während
Trendforscher mit immer neuen Schlagworten
und Publikationen Erklärungsmodelle für künftige
Entwicklungen vorlegen, liegt hier der Fokus auf
der Reduktion und Verdichtung auf die wesentlichen
Makrotrends in Gesellschaft, Demografie,
Wirtschaft, Politik und Ökologie. Neben der
Erläuterung der wichtigsten Aspekte eines
Themas steht die Vernetzung der Entwicklungstendenzen
als Trends und Gegentrends im
Zentrum. Eine Übersichtsgrafik sowie zehn Thesen
eröffnen einen weiteren Zugang zu der Welt
der nächsten 20 Jahre.
</marc:subfield>
   </marc:datafield>
   <marc:datafield ind1=" " ind2=" " tag="020">
      <marc:subfield code="a">9783038234760</marc:subfield>
      <marc:subfield code="9">9783038234760</marc:subfield>
   </marc:datafield>
   <marc:datafield ind1=" " ind2=" " tag="041">
      <marc:subfield code="a">ger</marc:subfield>
   </marc:datafield>
   <marc:datafield ind1=" " ind2=" " tag="300">
      <marc:subfield code="a">20] S.</marc:subfield>
   </marc:datafield>
</marc:record>
